01469nam a22003617a 4500003000500000005001700005008004100022010000900063011001000072035000900082040000900091090001000100100004000110245010300150260004000253300001800293502010900311590003700420590004100457590004100498590004100539590004100580590004200621650004200663650002500705901000700730942000900737949004100746949004600787999001500833952013200848952012700980CHAP20220329133716.0971013s1994 r 00010 d a9770 a10742 a9980 cCHAP aTesis00aChávez Alfaro, J. Jesús.922657 aEtiología de las enfermedades fungosas aéreas del peral (Pyrus communis L.) en Zacatlán Pue. aChapingo, Méx. :bEl autor,c1994 a72 h.b: ilus aTesis (Ing. Agr. Esp. en Parasitología Agrícola) -- UACH. Departamento de Parasitología Agrícola aALEPHb10c20130110lUCH01h1225 aBATCH-UPDb10c20130110lUCH01h0217 aBATCH-UPDb10c20130110lUCH01h1715 aBATCH-UPDb10c20130410lUCH01h1100 aBATCH-UPDb10c20130914lUCH01h0926 aCONVERSIONb10c20130109lUCH01h130614aPeraxEnfermedades por hongos.98697014aPeraxPuebla.986981 aBK cFOLL bBCcTESd-21330eTS1h26743i9980si bBCcTESd-21410eTS2fc.2h26606i9980si c9770d9770 00102local4053708TESISaBCbBCcPA_TESISd2019-12-31fTESISl0oTesisp-21410r2019-12-31 00:00:00tc.2w2019-12-31yTESIS 00102local4051708TESISaBCbBCcPA_TESISd2019-12-31fTESISl0oTesisp-21330r2019-12-31 00:00:00w2019-12-31yTESIS